| 000 | 00798nam a2200253Ia 4500 | ||
|---|---|---|---|
| 003 | OSt | ||
| 005 | 20221005042115.0 | ||
| 006 | a|||||r|||| 00| 0 | ||
| 007 | ta | ||
| 008 | 221004b |||||||| |||| 00| 0 eng d | ||
| 020 |
_a9789381084465 (hbk) _c800 |
||
| 024 | _a10485 | ||
| 037 |
_b671, 21/03/2014, Anshika Book International Publishers & Distributors _cTextual |
||
| 040 |
_aCRL _cCRL _beng |
||
| 041 |
_2eng _aeng |
||
| 082 | _aT:3(P), Q2 | ||
| 100 | _aMadhukar G D | ||
| 245 | 0 | _aLiterature in language education | |
| 260 |
_aDelhi _bSwasrik Publicaiton India _c2012 |
||
| 300 |
_a288p. _ccm. |
||
| 650 | _aEDUCATION | ||
| 942 |
_hT:3(P), Q2 _cTEXL _2cc |
||
| 999 |
_c949651 _d949651 |
||